| Tag |
First Indicator |
Second Indicator |
Subfields |
| LEADER |
00000cam a2200000 i 4500 |
| 001 |
in00000665679 |
| 005 |
20151015085856.0 |
| 008 |
150904s1979 txua b 00100 eng |
| 010 |
|
|
|a 78062125
|
| 020 |
|
|
|a 0960190201
|
| 035 |
|
|
|a (OCoLC)05354416
|
| 035 |
|
|
|9 ACY3658AM
|
| 040 |
|
|
|a DLC
|c DLC
|d TXA
|d UtOrBLW
|
| 049 |
|
|
|a TXAM
|c [1559649]
|
| 050 |
0 |
0 |
|a GF41
|b .E42
|
| 082 |
0 |
|
|a 301.31
|
| 245 |
0 |
0 |
|a Environmental encounter :
|b experiences in decision-making for the built and the natural environment /
|c Joanne Henderson Pratt [and others].
|
| 264 |
|
1 |
|a Dallas :
|b Reverchon Press,
|c [1979]
|
| 264 |
|
4 |
|c ©1979
|
| 300 |
|
|
|a 168 pages :
|b illustrations ;
|c 28 cm.
|
| 336 |
|
|
|a text
|b txt
|2 rdacontent
|
| 337 |
|
|
|a unmediated
|b n
|2 rdamedia
|
| 338 |
|
|
|a volume
|b nc
|2 rdacarrier
|
| 504 |
|
|
|a Includes bibliographies and index.
|
| 650 |
|
0 |
|a Human ecology.
|
| 650 |
|
0 |
|a Geographical perception.
|
| 650 |
|
0 |
|a Perception.
|
| 650 |
|
0 |
|a Environmental policy
|x Decision making.
|
| 700 |
1 |
|
|a Pratt, Joanne Henderson.
|
| 999 |
|
|
|a MARS
|
| 999 |
f |
f |
|s 60c6de5c-026c-359b-9a97-45a7bb9c7747
|i bc9c7967-42a0-39e5-9621-b2a332275cfc
|t 0
|
| 952 |
f |
f |
|p ric
|a Texas A&M University
|b Rellis Campus
|c Joint Library Facility
|d Remote Storage
|t 0
|e GF41 .E42
|h Library of Congress classification
|i unmediated -- volume
|m A14802409435
|
| 998 |
f |
f |
|a GF41 .E42
|t 0
|l Remote Storage
|